000 02166nam1a2200337 i 4500
001 RU\NLR\bibl\1902879
005 20241103105044.0
035 _a(NLR Aleph) 001892488
090 _a2938791
_c2938791
100 _a20120514g20119999u y0rusy50 ca
101 0 _arus
102 _aRU
105 _a||||z |||||
200 1 _aМетрология, стандартизация и сертификация
_eучебно-методическое пособие для студентов специальностей 190702, 190601, 190603 и направлений подготовки бакалавров 190600, 190700 всех форм обучения
_eв 2 ч.
_fБ.Ю. Калмыков, В.И. Жигульский, О.М. Калмыкова
_gМ-во образования и науки Рос. Федерации, Федер. гос7 бюджет. образоват. учреждение высш. проф. образования "Южно-Рос. гос. ун-т экономики и сервиса" (ФГБОУ ВПО "ЮРГУЭС"
210 _aШахты
_cФГБОУ ВПО "ЮРГУЭС"
_d2011
215 _d21
463 0 _10011837306
606 _aМетрология
_jУчебно-методические пособия для высших учебных заведений
_9887859
_3RU\NLR\auth\66298
606 _aСтандартизация
_jУчебно-методические пособия для высших учебных заведений
_91211182
_3RU\NLR\auth\66173180
606 1 _aСертификация
_jУчебно-методические пособия для высших учебных заведений
_9893619
_3RU\NLR\auth\663397
686 _aЖ10я73-1
686 _aЖ.ц.я73-1
686 _aЖ609.006я73-1
700 1 _aКалмыков
_bБ. Ю.
_gБорис Юрьевич
_4070
701 1 _aЖигульский
_bВ. И.
_gВладимир Иванович
_4070
701 1 _aКалмыкова
_bО. М.
_gОльга Михайловна
_4070
801 0 _aRU
_bNLR
_c20120514
_gRCR
801 1 _aRU
_bNLR
_c20120514
852 _aNLR
_j2011-4/10096
942 _cBOOK